| 000 | 00690nam a22002057a 4500 | ||
|---|---|---|---|
| 005 | 20140414032119.0 | ||
| 008 | 021101s2003 ja b i001 0 eng | ||
| 020 | _a9280810812 | ||
| 024 | 0 | _ceng | |
| 080 | _a911.37 | ||
| 245 | 0 | 0 |
_aReforming Africa's institutions/ _cedited by Steve Kayizzi-Mugerwa. |
| 260 |
_aTokyo ; _aNew York : _bUnited Nations University Press, _c2003. |
||
| 300 |
_a362 f. ; _c23 cm. |
||
| 504 | _aIncludes bibliographical references and index. f. 340-362 | ||
| 650 | 0 | _aVendbanimet, Gjeografia e vendbanimit | |
| 650 | 0 | _aQytetet | |
| 651 | 0 | _aAfrica, Sub-Saharan | |
| 700 | 1 | _aKayizzi-Mugerwa, Steve. | |
| 942 |
_2udc _cBK |
||
| 999 |
_c436 _d436 |
||